[Event "Quebec op U2000"]
[Site "Longueuil CAN"]
[Date "2019.07.23"]
[Round "5.1"]
[White "Strasser, Rouben"]
[Black "Zhang, Chu Hang"]
[Result "0-1"]
[WhiteElo "1806"]
[BlackElo "1806"]
[PlyCount "84"]
[EventDate "2019.07.20"]
[EventType "swiss"]
[EventRounds "9"]
[EventCountry "CAN"]

1. e4 b6 2. Nc3 Bb7 3. Nf3 e6 4. d4 Nf6 5. Bd3 Bb4 6. Bg5 h6 7. Bxf6 Qxf6 8.
Qe2 c5 9. O-O cxd4 10. Nb5 Qd8 11. Nbxd4 O-O 12. c3 Be7 13. Rad1 Nc6 14. Bb5
Qc7 15. Nxc6 dxc6 16. Bc4 c5 17. Rd3 Bc6 18. Rd2 Qf4 19. Re1 Rad8 20. Bd3 e5
21. Qe3 Qf6 22. Red1 Qe6 23. b3 b5 24. Bb1 Rxd2 25. Rxd2 a5 26. Qe2 Rb8 27. Bd3
c4 28. Bc2 b4 29. cxb4 c3 30. Rd1 axb4 31. Ne1 Bb5 32. Qh5 Bc5 33. Rd5 Qb6 34.
Qf5 g6 35. Qf3 Bd4 36. Qg3 Ra8 37. Bb1 Qb8 38. Nc2 Bc6 39. Nxd4 Bxd5 40. exd5
exd4 41. Qh4 Qe5 42. Kf1 Re8 0-1

[Event "Quebec op U2000"]
[Site "Longueuil CAN"]
[Date "2019.07.23"]
[Round "5.2"]
[White "Weston, Paul"]
[Black "Mangahas, Ronald"]
[Result "0-1"]
[WhiteElo "1912"]
[BlackElo "1670"]
[PlyCount "94"]
[EventDate "2019.07.20"]
[EventType "swiss"]
[EventRounds "9"]
[EventCountry "CAN"]

1. e4 c5 2. Nc3 a6 3. a4 d6 4. g3 Nf6 5. Bg2 e6 6. d3 Be7 7. f4 O-O 8. Nf3 Nc6
9. O-O Rb8 10. h3 Re8 11. g4 d5 12. e5 Nd7 13. g5 Nf8 14. Ne2 Bd7 15. c3 Qc7
16. Kh1 b5 17. axb5 axb5 18. Be3 Ra8 19. Qd2 Ra5 20. Rab1 Rea8 21. h4 Ra2 22.
Nc1 R2a6 23. b4 cxb4 24. cxb4 Ra4 25. Bc5 Bxc5 26. bxc5 b4 27. d4 Bc8 28. Rf2
Ba6 29. Bf1 Bc4 30. Bd3 Ng6 31. h5 Nge7 32. Bc2 Ra1 33. g6 fxg6 34. hxg6 h6 35.
Rxa1 Rxa1 36. Kg2 Qa5 37. f5 exf5 38. Nb3 Bxb3 39. Bxb3 Qa3 40. Qd3 Kh8 41. Nd2
Qc1 42. Rf1 Qb2 43. Rf2 Qxd4 44. Qg3 Nxe5 45. c6 N7xg6 46. Nf3 Nf4+ 47. Kh2
Ng4+ 0-1

[Event "Quebec op U2000"]
[Site "Longueuil CAN"]
[Date "2019.07.23"]
[Round "5.3"]
[White "Wu, Tony (Dongze)"]
[Black "Selling, Edward"]
[Result "1-0"]
[WhiteElo "1858"]
[BlackElo "1604"]
[PlyCount "123"]
[EventDate "2019.07.20"]
[EventType "swiss"]
[EventRounds "9"]
[EventCountry "CAN"]

1. d4 Nf6 2. c4 g6 3. g3 Bg7 4. Bg2 O-O 5. Nf3 d6 6. O-O c5 7. Nc3 Nc6 8. h3 a6
9. Be3 cxd4 10. Nxd4 Bd7 11. Rc1 Rc8 12. Na4 Nxd4 13. Bxd4 Bxa4 14. Qxa4 Qd7
15. Qxd7 Nxd7 16. Bxg7 Kxg7 17. Bxb7 Rb8 18. Bxa6 Rxb2 19. a4 Nc5 20. Bb5 Ra8
21. Ra1 Ra5 22. e3 h6 23. Kg2 Kf6 24. Ra3 Nb3 25. Rd1 Nc5 26. Rda1 Ke6 27. R1a2
Rb1 28. Kf3 Kf6 29. Ke2 Ke6 30. Rd2 Kf6 31. Kf3 Ke6 32. Raa2 f5 33. Kg2 Rb3 34.
g4 fxg4 35. hxg4 Rb1 36. f3 Kf6 37. Rf2 Re1 38. Rfe2 Rc1 39. Rec2 Re1 40. Ra3
Rd1 41. Kf2 Rh1 42. Rca2 Rc1 43. Ra1 Rc2+ 44. Kg3 g5 45. R3a2 Rxa2 46. Rxa2 Ne6
47. Rh2 Kg7 48. Rd2 Nc5 49. Rd1 Kf6 50. Kf2 Kg7 51. Ke1 Ra7 52. Ra1 Nb3 53. Rb1
Na5 54. Kd2 Rc7 55. Kd3 e5 56. Ba6 Kf6 57. Rb8 Kg7 58. Rb6 Rc6 59. Rxc6 Nxc6
60. Bb5 Na5 61. Kc3 Kf6 62. Kb4 1-0

[Event "Quebec op U2000"]
[Site "Longueuil CAN"]
[Date "2019.07.23"]
[Round "5.4"]
[White "Moran-Venegas, Mario"]
[Black "Steinberg, Ellis"]
[Result "0-1"]
[WhiteElo "1631"]
[BlackElo "1745"]
[PlyCount "106"]
[EventDate "2019.07.20"]
[EventType "swiss"]
[EventRounds "9"]
[EventCountry "CAN"]

1. c4 Nf6 2. g3 g6 3. Bg2 Bg7 4. e4 d6 5. Ne2 O-O 6. d3 c5 7. O-O Nc6 8. Nbc3
a6 9. Rb1 Rb8 10. a3 b5 11. cxb5 axb5 12. b4 cxb4 13. axb4 Bg4 14. Be3 Bxe2 15.
Qxe2 Nd7 16. Qd2 Bd4 17. Bh6 Re8 18. Ne2 Qb6 19. Nxd4 Nxd4 20. Kh1 Rec8 21.
Rfc1 Ne5 22. Rxc8+ Rxc8 23. Rc1 Rxc1+ 24. Qxc1 Qc6 25. Qa1 Ng4 26. Qxd4 Nxh6
27. h3 e5 28. Qe3 Kg7 29. f4 Ng8 30. fxe5 dxe5 31. Qd2 Qd6 32. Qc3 Ne7 33. Qc5
Qxc5 34. bxc5 b4 35. Bf3 b3 36. Bd1 b2 37. Bc2 Kf6 38. Kg2 Nc6 39. Kf2 Nd4 40.
Bb1 Nb5 41. Ke3 Nc3 42. Bc2 b1=Q 43. Bxb1 Nxb1 44. d4 exd4+ 45. Kxd4 Ke6 46. e5
Na3 47. c6 Nb5+ 48. Kc4 Nc7 49. Kd4 Kf5 50. g4+ Kf4 51. Kc5 Kxe5 52. g5 Ne6+
53. Kb5 Kf5 0-1

[Event "Quebec op U2000"]
[Site "Longueuil CAN"]
[Date "2019.07.23"]
[Round "5.5"]
[White "Lin, Leo"]
[Black "Gueorguiev, Valentin"]
[Result "0-1"]
[WhiteElo "1660"]
[BlackElo "1945"]
[PlyCount "70"]
[EventDate "2019.07.20"]
[EventType "swiss"]
[EventRounds "9"]
[EventCountry "CAN"]

1. Nf3 g6 2. c4 Bg7 3. d4 c5 4. e4 Nc6 5. d5 Nd4 6. Nxd4 cxd4 7. Bd3 d6 8. O-O
Nf6 9. Bf4 O-O 10. e5 Nh5 11. Bg3 dxe5 12. Qe2 Nxg3 13. fxg3 f5 14. c5 e4 15.
Bc4 Kh8 16. Na3 Qc7 17. Rac1 Qxc5 18. Bb3 Qb6 19. Nc4 Qd8 20. g4 b5 21. Nd2 d3
22. Qe3 Bxb2 23. Rc5 a6 24. gxf5 gxf5 25. Rc6 e6 26. Qh6 Bg7 27. Qh5 Bd7 28.
Rf4 Bxc6 29. Rh4 h6 30. dxc6 Qd4+ 31. Kf1 Qe3 32. Qg6 Qe2+ 33. Kg1 Qe1+ 34. Nf1
Bd4+ 35. Kh1 Qxf1# 0-1

[Event "Quebec op U2000"]
[Site "Longueuil CAN"]
[Date "2019.07.23"]
[Round "5.6"]
[White "De Lagrave, Sylvain"]
[Black "Baran, Marius"]
[Result "1-0"]
[WhiteElo "1860"]
[BlackElo "1648"]
[PlyCount "44"]
[EventDate "2019.07.20"]
[EventType "swiss"]
[EventRounds "9"]
[EventCountry "CAN"]

1. e4 d5 2. exd5 Nf6 3. Bb5+ Bd7 4. Qe2 Nxd5 5. Nc3 Nxc3 6. dxc3 a6 7. Bc4 e6
8. Be3 Bd6 9. Nf3 Nc6 10. O-O-O h6 11. h4 Qe7 12. Kb1 Na5 13. Bd3 Rd8 14. Bd4
Rg8 15. Ne5 Bxe5 16. Bxe5 Bc8 17. Bh7 Rh8 18. Be4 Kf8 19. Rxd8+ Qxd8 20. Rd1
Qe7 21. Qd3 Ke8 22. Qg3 Nc4 1-0

[Event "Quebec op U2000"]
[Site "Longueuil CAN"]
[Date "2019.07.23"]
[Round "5.7"]
[White "Liu, Kevin"]
[Black "Marchand, Jacques"]
[Result "1-0"]
[WhiteElo "1658"]
[BlackElo "1830"]
[PlyCount "49"]
[EventDate "2019.07.20"]
[EventType "swiss"]
[EventRounds "9"]
[EventCountry "CAN"]

1. c4 e5 2. g3 Nf6 3. Bg2 c5 4. Nc3 Nc6 5. e4 d6 6. Nge2 Be7 7. O-O O-O 8. d3
Ne8 9. f4 Be6 10. f5 Bd7 11. a3 Nc7 12. Rb1 a5 13. Nd5 Nxd5 14. exd5 Nb8 15.
Nc3 f6 16. Ne4 g5 17. h4 gxh4 18. Bh6 Rf7 19. Qg4+ Kh8 20. Qxh4 Bf8 21. g4 Be7
22. g5 fxg5 23. Bxg5 Bxg5 24. Nxg5 Kg8 25. Qh6 1-0

[Event "Quebec op U2000"]
[Site "Longueuil CAN"]
[Date "2019.07.23"]
[Round "5.8"]
[White "Goldner, John"]
[Black "Tsukerman, Julia"]
[Result "0-1"]
[WhiteElo "1731"]
[BlackElo "1481"]
[PlyCount "80"]
[EventDate "2019.07.20"]
[EventType "swiss"]
[EventRounds "9"]
[EventCountry "CAN"]

1. e4 c5 2. b4 cxb4 3. a3 bxa3 4. d4 d6 5. Nxa3 Nf6 6. Bd3 Nc6 7. c3 e6 8. Nf3
Be7 9. O-O O-O 10. Re1 a6 11. Qc2 e5 12. h3 exd4 13. Nxd4 Ne5 14. Bf1 Re8 15.
f4 Ng6 16. Bd3 Bf8 17. Nf3 Bd7 18. f5 Ne5 19. Nxe5 dxe5 20. Bg5 Rc8 21. Qb3
Bc5+ 22. Kh1 Bc6 23. Bc4 Qe7 24. Nc2 h6 25. Bh4 b5 26. Bd3 Bb7 27. Rad1 Rc7 28.
Ne3 Bxe3 29. Rxe3 Qc5 30. Rde1 Qxc3 31. Qa2 Qc6 32. Rg3 Nh5 33. Rg6 Qc3 34. Be2
Nf4 35. Rg3 Qxe1+ 36. Kh2 Qxe2 37. Qb3 Qxe4 38. Bf6 Nh5 39. Rxg7+ Nxg7 40. Bxg7
Qxg2# 0-1

[Event "Quebec op U2000"]
[Site "Longueuil CAN"]
[Date "2019.07.23"]
[Round "5.9"]
[White "Blanchet, Robert"]
[Black "Robillard, Jean-Philippe"]
[Result "0-1"]
[WhiteElo "1863"]
[BlackElo "1617"]
[PlyCount "78"]
[EventDate "2019.07.20"]
[EventType "swiss"]
[EventRounds "9"]
[EventCountry "CAN"]

1. e4 e6 2. b3 d5 3. e5 c5 4. f4 Nh6 5. Bb2 Nf5 6. Nf3 d4 7. Bd3 Nc6 8. Be4 Qc7
9. Qe2 Be7 10. Na3 a6 11. Nc4 b5 12. Bxf5 exf5 13. Nd6+ Kf8 14. Nxc8 Qxc8 15.
h4 Nb4 16. Qd1 d3 17. cxd3 Nxd3+ 18. Kf1 Nxf4 19. d4 Qc6 20. Qd2 Nd5 21. Rc1 g6
22. dxc5 b4 23. Nd4 Qc8 24. c6 Kg7 25. h5 h6 26. hxg6 Bg5 27. Qf2 Bxc1 28.
Nxf5+ Qxf5 29. Qxf5 Ne3+ 30. Kf2 Nxf5 31. Bxc1 Kxg6 32. Bd2 a5 33. Bf4 Ne7 34.
Rd1 Kf5 35. Kf3 h5 36. c7 Ng6 37. g3 Nxe5+ 38. Kg2 f6 39. Rd5 Rhc8 0-1

[Event "Quebec op U2000"]
[Site "Longueuil CAN"]
[Date "2019.07.23"]
[Round "5.10"]
[White "Cloutier, Eric"]
[Black "Hernandez, Juan Felipe"]
[Result "0-1"]
[WhiteElo "1483"]
[BlackElo "1454"]
[PlyCount "50"]
[EventDate "2019.07.20"]
[EventType "swiss"]
[EventRounds "9"]
[EventCountry "CAN"]

1. e4 e6 2. d4 d5 3. e5 c5 4. c3 Qb6 5. Qc2 Nc6 6. dxc5 Bxc5 7. b4 Bf8 8. Nf3
Qc7 9. Bb5 Bd7 10. Qe2 Nxb4 11. Bxd7+ Kxd7 12. cxb4 Qxc1+ 13. Qd1 Bxb4+ 14. Ke2
Qc4+ 15. Qd3 Qxd3+ 16. Kxd3 Nh6 17. Nbd2 Bxd2 18. Kxd2 Rac8 19. Rab1 Rc7 20. h3
Rhc8 21. Rb2 f6 22. Rhb1 b6 23. exf6 gxf6 24. g4 Nf7 25. Nd4 Nd6 0-1

[Event "Quebec op U2000"]
[Site "Longueuil CAN"]
[Date "2019.07.23"]
[Round "5.11"]
[White "Audet, Jean-Marc"]
[Black "Jiang, Barron Jiyu"]
[Result "1-0"]
[WhiteElo "1688"]
[BlackElo "1588"]
[PlyCount "76"]
[EventDate "2019.07.20"]
[EventType "swiss"]
[EventRounds "9"]
[EventCountry "CAN"]

1. c4 e5 2. g3 Nf6 3. Bg2 d5 4. cxd5 Nxd5 5. Nc3 Be6 6. Nf3 Nc6 7. O-O Bc5 8.
a3 O-O 9. Qc2 Bb6 10. b4 a6 11. Bb2 Nde7 12. Rac1 Bg4 13. d3 Bxf3 14. exf3 Nd4
15. Qd1 c6 16. Re1 Ng6 17. Ne2 f5 18. Nxd4 Bxd4 19. Bxd4 Qxd4 20. Rc4 Qd6 21.
d4 b5 22. Rc5 exd4 23. Qb3+ Kh8 24. Re6 Qd7 25. Rcxc6 Qf7 26. f4 Rfd8 27. Qd3
Ne7 28. Rxa6 Rxa6 29. Rxa6 Qc4 30. Bf1 Rc8 31. Rd6 Qxd3 32. Bxd3 Rc1+ 33. Kg2
g6 34. Rxd4 Rc3 35. Bxb5 Rxa3 36. Rd7 Ng8 37. Bc6 Rb3 38. b5 Nf6 {time} 1-0

[Event "Quebec op U2000"]
[Site "Longueuil CAN"]
[Date "2019.07.23"]
[Round "5.12"]
[White "Morin-Pare, Victor"]
[Black "Lambert, Pierre"]
[Result "1-0"]
[WhiteElo "1904"]
[BlackElo "1728"]
[PlyCount "82"]
[EventDate "2019.07.20"]
[EventType "swiss"]
[EventRounds "9"]
[EventCountry "CAN"]

1. d4 Nf6 2. Bf4 g6 3. Nc3 a6 4. e4 d6 5. f3 Bg7 6. Qd2 O-O 7. Bh6 c5 8. Nge2
Nc6 9. d5 Ne5 10. Ng3 b5 11. h4 Bd7 12. h5 b4 13. Nd1 e6 14. hxg6 fxg6 15. Bxg7
Kxg7 16. Qh6+ Kg8 17. Ne3 Qe7 18. O-O-O Rfd8 19. Be2 Qg7 20. Qg5 Nf7 21. Qh4 a5
22. dxe6 Bxe6 23. Bc4 Bxc4 24. Nxc4 a4 25. Rd3 Ne5 26. Nxe5 dxe5 27. Rhd1 Rd4
28. Qh3 Qf7 29. Ne2 Rxd3 30. Rxd3 Qxa2 31. Rd6 Qf7 32. Qe6 Qxe6 33. Rxe6 Nd7
34. Re7 Rd8 35. f4 exf4 36. Nxf4 Nf8 37. Nd5 Rd6 38. Ra7 Re6 39. Rxa4 Nd7 40.
Ra8+ Kf7 41. Ra7 Ke8 1-0

[Event "Quebec op U2000"]
[Site "Longueuil CAN"]
[Date "2019.07.23"]
[Round "5.13"]
[White "Chevalier, Francois"]
[Black "Duplessis, Claude"]
[Result "1/2-1/2"]
[WhiteElo "1768"]
[BlackElo "1571"]
[PlyCount "104"]
[EventDate "2019.07.20"]
[EventType "swiss"]
[EventRounds "9"]
[EventCountry "CAN"]

1. d4 f5 2. Nc3 Nf6 3. Bf4 e6 4. a3 Be7 5. Nf3 O-O 6. h3 b6 7. e3 Bb7 8. Be2
Ne4 9. Nxe4 fxe4 10. Nd2 d5 11. O-O Bd6 12. Bxd6 Qxd6 13. f3 Nd7 14. f4 c5 15.
c3 c4 16. Rf2 Rf7 17. Nf1 Kf8 18. Nh2 Ke7 19. Qc2 Raf8 20. Raf1 b5 21. Ng4 Ke8
22. Ne5 Nxe5 23. fxe5 Qe7 24. Bg4 Rxf2 25. Rxf2 Rxf2 26. Qxf2 Qf7 27. Qxf7+
Kxf7 28. Kf2 g5 29. Bh5+ Ke7 30. Kg3 Bc6 31. Kg4 h6 32. h4 gxh4 33. Kxh4 Bd7
34. Bg6 Kf8 35. Kh5 Kg7 36. g3 a6 37. g4 a5 38. g5 hxg5 39. Kxg5 a4 40. Bh5 Bc6
41. Bg4 Kf7 42. Kh6 Ke7 43. Bh5 Bd7 44. Kg7 Bc6 45. Bg6 Bd7 46. Bf7 Bc6 47. Bh5
Bd7 48. Kh6 Bc6 49. Kg5 Bd7 50. Kf4 Bc6 51. Bg6 Bb7 52. Kg5 Bc6 1/2-1/2

[Event "Quebec op U2000"]
[Site "Longueuil CAN"]
[Date "2019.07.23"]
[Round "5.14"]
[White "Van Dusen, Eric"]
[Black "Desmarais, Serge"]
[Result "0-1"]
[WhiteElo "1822"]
[BlackElo "1650"]
[PlyCount "81"]
[EventDate "2019.07.20"]
[EventType "swiss"]
[EventRounds "9"]
[EventCountry "CAN"]

1. d4 Nf6 2. Nf3 e6 3. e3 c5 4. Bd3 Nc6 5. O-O d5 6. b3 cxd4 7. exd4 Be7 8. Bb2
O-O 9. Nbd2 Nb4 10. Be2 Bd7 11. a3 Nc6 12. Bd3 Rc8 13. Ne5 Bd6 14. f4 g6 15. g4
Ne8 16. Nxd7 Qxd7 17. f5 e5 18. dxe5 Bxe5 19. Bxe5 Nxe5 20. fxg6 hxg6 21. Be2
Qc6 22. c4 d4 23. Nf3 Qe4 24. Nxe5 Qxe5 25. Qd3 Ng7 26. Qf3 Ne6 27. Rae1 Rc7
28. Bd3 Qc5 29. b4 Qe7 30. c5 Rd8 31. Qg3 Rcc8 32. Bc4 Qd7 33. Bxe6 fxe6 34.
Qd3 Kg7 35. g5 Qd5 36. h4 Rf8 37. Rf6 Rxf6 38. gxf6+ Kxf6 39. Rf1+ Kg7 40. Qg3
d3 41. Qf4 {...} 0-1

[Event "Quebec op U2000"]
[Site "Longueuil CAN"]
[Date "2019.07.23"]
[Round "5.15"]
[White "Laroche, Hugo"]
[Black "Bilodeau-Savaria, Carl-William"]
[Result "1-0"]
[WhiteElo "1665"]
[BlackElo "1392"]
[PlyCount "49"]
[EventDate "2019.07.20"]
[EventType "swiss"]
[EventRounds "9"]
[EventCountry "CAN"]

1. d4 e6 2. Bf4 Nf6 3. Nf3 d5 4. e3 Be7 5. Bd3 Nbd7 6. Nbd2 O-O 7. c3 Bd6 8.
Bg3 Bxg3 9. hxg3 g6 10. Qe2 c5 11. O-O-O c4 12. Bc2 b5 13. e4 dxe4 14. Nxe4 Bb7
15. Rh3 Nxe4 16. Bxe4 Bxe4 17. Qxe4 Nf6 18. Qf4 h5 19. Ne5 Kg7 20. Rdh1 Qd5 21.
f3 Rh8 22. g4 Qb7 23. gxh5 Nxh5 24. Qg5 Rh6 25. Rxh5 1-0

[Event "Quebec op U2000"]
[Site "Longueuil CAN"]
[Date "2019.07.23"]
[Round "5.16"]
[White "Bilodeau-Savaria, Sandy-Rose"]
[Black "Couture, Alain"]
[Result "0-1"]
[WhiteElo "1196"]
[BlackElo "1810"]
[PlyCount "98"]
[EventDate "2019.07.20"]
[EventType "swiss"]
[EventRounds "9"]
[EventCountry "CAN"]

1. d4 b6 2. c4 Bb7 3. Nf3 e6 4. g3 Nf6 5. Bg2 c5 6. e3 cxd4 7. exd4 Bb4+ 8. Bd2
Be7 9. Nc3 O-O 10. O-O d5 11. cxd5 Nxd5 12. a3 Nd7 13. Nxd5 Bxd5 14. Rc1 Rc8
15. Qe2 Nf6 16. Be3 Bb7 17. Rxc8 Qxc8 18. Rc1 Qa8 19. Ne1 Nd5 20. Nd3 Nc3 21.
Rxc3 Bxg2 22. Ne5 Bb7 23. Rc7 Bd8 24. Rc3 f6 25. Nd3 Bh1 26. Ne1 Be4 27. Qc4
Bd5 28. Qc8 Be7 29. Qc7 Kf7 30. Qd7 Rd8 31. Qb5 Qb7 32. Bf4 a6 33. Qd3 Be4 34.
Qe2 Rxd4 35. Rc7 Qd5 36. Qxa6 Rd1 37. Qe2 Bh1 38. f3 Bxf3 39. Qf2 Bg4 40. h4
Bh3 41. Rc2 Bc5 42. Be3 Qe4 43. Re2 Bg4 44. Bxc5 Qxe2 45. Qxe2 Bxe2 46. Kf2
bxc5 47. Kxe2 Rb1 48. Nd3 c4 49. Nb4 Rxb2+ 0-1

[Event "Quebec op U2000"]
[Site "Longueuil CAN"]
[Date "2019.07.24"]
[Round "6.1"]
[White "Steinberg, Ellis"]
[Black "Zhang, Chu Hang"]
[Result "0-1"]
[WhiteElo "1745"]
[BlackElo "1806"]
[PlyCount "116"]
[EventDate "2019.07.20"]
[EventType "swiss"]
[EventRounds "9"]
[EventCountry "CAN"]

1. e4 c5 2. Nf3 a6 3. d4 cxd4 4. Nxd4 Nf6 5. Nc3 e5 6. Nb3 Bb4 7. Bd3 d5 8. Nd2
Bg4 9. Be2 Bxe2 10. Qxe2 d4 11. Ncb1 Qc7 12. Qd3 Nc6 13. a3 Be7 14. O-O O-O 15.
Nf3 Nd7 16. b4 b5 17. Bb2 Nb6 18. Nbd2 Na4 19. Rab1 Na7 20. Rfc1 Rfd8 21. Qb3
Rac8 22. Ne1 Rd6 23. Ra1 Rc6 24. Rd1 Kh8 25. Rac1 Rf8 26. Ba1 Nc8 27. Nd3 Ncb6
28. Nb1 f6 29. f3 Rc8 30. Ne1 Bf8 31. Nd2 Nc3 32. Bxc3 Rxc3 33. Qa2 g6 34. Nb1
Rc6 35. Nd2 Bh6 36. Rb1 Na4 37. Nb3 Nc3 38. Qb2 Be3+ 39. Kf1 Nxb1 40. Qxb1 Rc3
41. Nc5 f5 42. Qa2 fxe4 43. Nxe4 Rc4 44. Nc5 Qe7 45. g3 g5 46. Qb3 g4 47. Kg2
Rf8 48. Qd3 gxf3+ 49. Nxf3 Rxc5 50. bxc5 e4 51. Qb3 Rxf3 52. Qd5 Rf2+ 53. Kh1
Qf6 54. Qh5 Rf1+ 55. Kg2 Qf2+ 56. Kh3 Qf5+ 57. Qxf5 Rxf5 58. c6 Rc5 0-1

[Event "Quebec op U2000"]
[Site "Longueuil CAN"]
[Date "2019.07.24"]
[Round "6.2"]
[White "Mangahas, Ronald"]
[Black "Wu, Tony (Dongze)"]
[Result "0-1"]
[WhiteElo "1670"]
[BlackElo "1858"]
[PlyCount "84"]
[EventDate "2019.07.20"]
[EventType "swiss"]
[EventRounds "9"]
[EventCountry "CAN"]

1. e4 c5 2. Nf3 d6 3. d4 cxd4 4. Nxd4 Nf6 5. Nc3 g6 6. Bc4 Bg7 7. O-O O-O 8.
Bb3 Nc6 9. Nxc6 bxc6 10. f4 Ng4 11. Kh1 Qb6 12. Qe1 Bd4 13. h3 Bf2 14. Rxf2
Qxf2 15. Qxf2 Nxf2+ 16. Kg1 Nxh3+ 17. gxh3 Bxh3 18. Be3 Bg4 19. Kf2 Kg7 20. Rg1
h5 21. Ne2 e5 22. Rd1 exf4 23. Bxf4 Rfe8 24. Rxd6 Rxe4 25. Be3 Rxe3 26. Kxe3
Re8+ 27. Kf4 Rxe2 28. Rxc6 Rf2+ 29. Kg3 Rf3+ 30. Kg2 Rf6 31. Rc7 a6 32. Bc4 Be6
33. b4 g5 34. a4 g4 35. b5 axb5 36. axb5 h4 37. Bxe6 Rxe6 38. Rc6 Re2+ 39. Kf1
h3 40. Rc4 f5 41. Rc7+ Kg6 42. Rc8 h2 0-1

[Event "Quebec op U2000"]
[Site "Longueuil CAN"]
[Date "2019.07.24"]
[Round "6.3"]
[White "Gueorguiev, Valentin"]
[Black "De Lagrave, Sylvain"]
[Result "1-0"]
[WhiteElo "1945"]
[BlackElo "1860"]
[PlyCount "117"]
[EventDate "2019.07.20"]
[EventType "swiss"]
[EventRounds "9"]
[EventCountry "CAN"]

1. c4 e5 2. g3 Nf6 3. Bg2 Nc6 4. Nc3 Bb4 5. e3 O-O 6. Nge2 d6 7. O-O a6 8. a3
Bc5 9. d4 exd4 10. exd4 Ba7 11. h3 h6 12. Kh2 Re8 13. b4 Ne7 14. b5 axb5 15.
Nxb5 Bb6 16. Bb2 c6 17. Nbc3 d5 18. c5 Ba5 19. Nf4 Bf5 20. Nh5 Nxh5 21. Qxh5
Bg6 22. Qd1 Kh8 23. Ne2 Ng8 24. Nf4 Bh7 25. a4 Nf6 26. Nd3 Bxd3 27. Qxd3 Ne4
28. Bc1 Bc7 29. Kg1 Qf6 30. Ra2 Re7 31. Ra3 g5 32. Qb1 Ba5 33. Bxe4 Rxe4 34.
Qxb7 Rae8 35. Kg2 Qe7 36. Qb3 f5 37. Qf3 g4 38. hxg4 fxg4 39. Qd3 Re1 40. Rxe1
Bxe1 41. Bf4 Qf7 42. Ra1 Qh5 43. Be5+ Rxe5 44. dxe5 Qh3+ 45. Kg1 Bxf2+ 46. Kxf2
Qh2+ 47. Ke3 Qxg3+ 48. Kd2 Qf2+ 49. Kc1 Qxc5+ 50. Kb2 Qb6+ 51. Qb3 Qf2+ 52. Qc2
Qd4+ 53. Qc3 Qb6+ 54. Ka3 c5 55. Qb3 Qd8 56. Rb1 h5 57. Qb8 Qxb8 58. Rxb8+ Kg7
59. a5 1-0

[Event "Quebec op U2000"]
[Site "Longueuil CAN"]
[Date "2019.07.24"]
[Round "6.4"]
[White "Liu, Kevin"]
[Black "Strasser, Rouben"]
[Result "0-1"]
[WhiteElo "1658"]
[BlackElo "1806"]
[PlyCount "98"]
[EventDate "2019.07.20"]
[EventType "swiss"]
[EventRounds "9"]
[EventCountry "CAN"]

1. c4 e5 2. g3 Nc6 3. Bg2 g6 4. Nc3 Bg7 5. e4 d6 6. Nge2 f5 7. d3 Nf6 8. O-O
O-O 9. Rb1 h6 10. b4 a6 11. Nd5 Nxd5 12. exd5 Ne7 13. Qb3 g5 14. f4 Ng6 15. c5
exf4 16. gxf4 g4 17. Bb2 Nh4 18. Bh1 Rf7 19. Nd4 Bxd4+ 20. Bxd4 Kh7 21. Rbe1
Qg8 22. Bf2 Nf3+ 23. Bxf3 gxf3+ 24. Bg3 h5 25. Rxf3 h4 26. Kh1 hxg3 27. Rxg3
Rg7 28. Reg1 Rg4 29. cxd6 cxd6 30. Qc4 Bd7 31. Re1 Qd8 32. Rxg4 fxg4 33. Qe4+
Kh6 34. Qe7 Qxe7 35. Rxe7 Bf5 36. Rxb7 Rd8 37. b5 axb5 38. Rxb5 Bxd3 39. Ra5
Rf8 40. Ra4 Be2 41. Kg2 Rf5 42. Rd4 Bf3+ 43. Kg3 Rxd5 44. Rxd5 Bxd5 45. a4 Be6
46. a5 Kg6 47. h4 gxh3 48. a6 Kf5 49. Kxh3 Kxf4+ 0-1

[Event "Quebec op U2000"]
[Site "Longueuil CAN"]
[Date "2019.07.24"]
[Round "6.5"]
[White "Strasser, Arevick"]
[Black "Weston, Paul"]
[Result "0-1"]
[WhiteElo "1588"]
[BlackElo "1912"]
[PlyCount "90"]
[EventDate "2019.07.20"]
[EventType "swiss"]
[EventRounds "9"]
[EventCountry "CAN"]

1. e4 e5 2. Nf3 Nc6 3. Bb5 a6 4. Bxc6 dxc6 5. O-O f6 6. d4 exd4 7. Qxd4 Qxd4 8.
Nxd4 c5 9. Nb3 Bd6 10. Be3 b6 11. N1d2 Be6 12. f4 Ne7 13. Nf3 Nc6 14. Bd2 O-O-O
15. Rad1 Rd7 16. h3 Rhd8 17. Rb1 c4 18. Nbd4 Nxd4 19. Nxd4 Bc5 20. c3 Bxd4+ 21.
cxd4 Rxd4 22. Bc3 Rxe4 23. Rf3 Rd3 24. Kf2 b5 25. a3 c5 26. Re1 Rxe1 27. Bxe1
Rxf3+ 28. Kxf3 Bd5+ 29. Kf2 Kb7 30. Ba5 Kc6 31. g3 b4 32. axb4 Kb5 33. Bd8 cxb4
34. Ke2 Ka4 35. Kd2 Kb3 36. Ba5 Bg2 37. h4 h5 38. Kc1 Be4 39. Bb6 Ka4 40. Bc5
a5 41. Bf8 g6 42. Bg7 f5 43. Be5 Kb3 44. Bf6 c3 45. Bd4 a4 0-1

[Event "Quebec op U2000"]
[Site "Longueuil CAN"]
[Date "2019.07.24"]
[Round "6.6"]
[White "Tsukerman, Julia"]
[Black "Moran-Venegas, Mario"]
[Result "1-0"]
[WhiteElo "1481"]
[BlackElo "1631"]
[PlyCount "109"]
[EventDate "2019.07.20"]
[EventType "swiss"]
[EventRounds "9"]
[EventCountry "CAN"]

1. e4 c5 2. Nf3 d6 3. d4 cxd4 4. Nxd4 Nf6 5. Nc3 a6 6. Be3 Ng4 7. Bg5 h6 8. Bh4
g5 9. Bg3 Bg7 10. Qd2 Nc6 11. Nb3 Be6 12. O-O-O Nb4 13. Kb1 Rc8 14. Nd4 O-O 15.
h4 Qa5 16. a3 Nc6 17. Nxc6 Rxc6 18. Nd5 Qd8 19. hxg5 Bxd5 20. exd5 Qb6 21. Qb4
Qxb4 22. axb4 Rc7 23. Be2 f5 24. Bxg4 fxg4 25. gxh6 Bf6 26. Rd2 Kh7 27. Bh4 Rc4
28. c3 Bxh4 29. Rxh4 Rcf4 30. Re2 Rxf2 31. Rxe7+ R8f7 32. Rxf7+ Rxf7 33. Rxg4
Kxh6 34. Re4 Kg5 35. Re6 Rd7 36. Kc2 Kf4 37. Kd3 Kg3 38. Rg6+ Kf4 39. Kd4 Kf5
40. Re6 Kg5 41. c4 b6 42. c5 bxc5+ 43. bxc5 dxc5+ 44. Kxc5 Rb7 45. d6 Kf5 46.
Re2 Kf6 47. Kc6 Rb4 48. Kc7 Rc4+ 49. Kd8 Kf7 50. d7 a5 51. Re7+ Kf8 52. Re5 a4
53. Rf5+ Kg7 54. Ke7 Re4+ 55. Kd6 1-0

[Event "Quebec op U2000"]
[Site "Longueuil CAN"]
[Date "2019.07.24"]
[Round "6.7"]
[White "Robillard, Jean-Philippe"]
[Black "Audet, Jean-Marc"]
[Result "1-0"]
[WhiteElo "1617"]
[BlackElo "1688"]
[PlyCount "79"]
[EventDate "2019.07.20"]
[EventType "swiss"]
[EventRounds "9"]
[EventCountry "CAN"]

1. d4 Nf6 2. c4 d6 3. Nc3 g6 4. e4 Bg7 5. f3 O-O 6. Be3 e5 7. Nge2 exd4 8. Nxd4
Bd7 9. Qd2 Nc6 10. O-O-O a6 11. Kb1 Nxd4 12. Bxd4 Bc6 13. g4 Re8 14. h4 h5 15.
g5 Nd7 16. Bxg7 Kxg7 17. Qd4+ Kg8 18. f4 Nc5 19. Bd3 Nxd3 20. Rxd3 b5 21. f5
gxf5 22. Nd5 Bxd5 23. Qxd5 Re5 24. Qd4 Rxe4 25. Qf2 Qd7 26. Qf3 Rae8 27. Rdd1
Qe6 28. Qxh5 Re2 29. Ka1 bxc4 30. Qf3 Qe4 31. Qc3 f4 32. h5 Qe5 33. Qc1 Rb8 34.
Rd2 Rxd2 35. Qxd2 Qxg5 36. h6 Kh7 37. Qc2+ f5 38. Qxc4 Qe7 39. Rg1 Qf6 40.
Qxc7+ 1-0

[Event "Quebec op U2000"]
[Site "Longueuil CAN"]
[Date "2019.07.24"]
[Round "6.8"]
[White "Hernandez, Juan Felipe"]
[Black "Selling, Edward"]
[Result "1-0"]
[WhiteElo "1454"]
[BlackElo "1604"]
[PlyCount "41"]
[EventDate "2019.07.20"]
[EventType "swiss"]
[EventRounds "9"]
[EventCountry "CAN"]

1. e4 c5 2. Nf3 e6 3. c3 Nc6 4. d4 cxd4 5. cxd4 Bb4+ 6. Nc3 d5 7. e5 Nge7 8.
Bd3 Nf5 9. Be3 Nxe3 10. fxe3 f5 11. exf6 Qxf6 12. O-O O-O 13. Ne5 Qh6 14. Rxf8+
Bxf8 15. Ng4 Qg5 16. Qf3 Bd7 17. Rf1 Be7 18. h4 Qxh4 19. Nxd5 Rf8 20. Nxe7+
Qxe7 21. Bxh7+ 1-0